ARRUPE JESUIT UNIVERSITY

CORONAVIRUS -STOP THE SPREAD - CLEAN,DISINFECT,COVER

Open space technology : (Record no. 128774)

MARC details
000 -LEADER
fixed length control field 01367cam a2200313 a 4500
001 - CONTROL NUMBER
control field 15103670
003 - CONTROL NUMBER IDENTIFIER
control field ARRUPE
005 - DATE AND TIME OF LATEST TRANSACTION
control field 20190114105930.0
008 - FIXED-LENGTH DATA ELEMENTS--GENERAL INFORMATION
fixed length control field 071205s2008 caua b 001 0 eng
010 ## - LIBRARY OF CONGRESS CONTROL NUMBER
LC control number 2007049168
020 ## - INTERNATIONAL STANDARD BOOK NUMBER
International Standard Book Number 9781576754764 (pbk. : alk. paper)
040 ## - CATALOGING SOURCE
Original cataloging agency DLC
Transcribing agency DLC
Modifying agency DLC
050 00 - LIBRARY OF CONGRESS CALL NUMBER
Classification number HD30.23
Item number .O927 2008
082 00 - DEWEY DECIMAL CLASSIFICATION NUMBER
Classification number 658.4/036
Edition number 22
300 ## - PHYSICAL DESCRIPTION
Other physical details ill. ;
Dimensions 24 cm.
100 1# - MAIN ENTRY--PERSONAL NAME
Personal name Owen, Harrison,
Dates associated with a name 1935-
9 (RLIN) 44008
245 10 - TITLE STATEMENT
Title Open space technology :
Remainder of title a user's guide /
Statement of responsibility, etc Harrison Owen.
250 ## - EDITION STATEMENT
Edition statement 3rd ed., rev. and expanded
260 ## - PUBLICATION, DISTRIBUTION, ETC. (IMPRINT)
Place of publication, distribution, etc San Francisco, Calif. :
Name of publisher, distributor, etc Berrett-Koehler Publishers,
Date of publication, distribution, etc c2008.
300 ## - PHYSICAL DESCRIPTION
Extent xiii, 198 p. :
504 ## - BIBLIOGRAPHY, ETC. NOTE
Bibliography, etc Includes bibliographical references and index.
650 #0 - SUBJECT ADDED ENTRY--TOPICAL TERM
Topical term or geographic name as entry element Group decision making.
9 (RLIN) 44009
650 #0 - SUBJECT ADDED ENTRY--TOPICAL TERM
Topical term or geographic name as entry element Spatial behavior.
9 (RLIN) 44010
650 #0 - SUBJECT ADDED ENTRY--TOPICAL TERM
Topical term or geographic name as entry element Congresses and conventions
General subdivision Planning.
9 (RLIN) 44011
650 #0 - SUBJECT ADDED ENTRY--TOPICAL TERM
Topical term or geographic name as entry element Conference rooms.
9 (RLIN) 44012
653 ## - INDEX TERM--UNCONTROLLED
Uncontrolled term Space utilization.
856 41 - ELECTRONIC LOCATION AND ACCESS
Materials specified Table of contents only
Uniform Resource Identifier <a href="http://www.loc.gov/catdir/toc/ecip086/2007049168.html">http://www.loc.gov/catdir/toc/ecip086/2007049168.html</a>
906 ## - LOCAL DATA ELEMENT F, LDF (RLIN)
a 7
b cbc
c orignew
d 1
e ecip
f 20
g y-gencatlg
942 ## - ADDED ENTRY ELEMENTS (KOHA)
Source of classification or shelving scheme Library of Congress Classification
Koha item type Monograph ( Printed materials)
Holdings
Withdrawn status Lost status Source of classification or shelving scheme Damaged status Not for loan Collection code Home library Current library Shelving location Date acquired Total Checkouts Full call number Barcode Date last seen Price effective from Koha item type
    Library of Congress Classification     Main Collection ARRUPE LIBRARY ARRUPE LIBRARY Main Collection 14/01/2019   HD30.23 .O927 2008 46600002415 14/01/2019 14/01/2019 Monograph ( Printed materials)

 

Arrupe Library. PO Box MP320 Mt Pleasant, Harare, Zimbabwe
263 242 745411|librarian@aju.ac.zw